Νομικά θέματα στο ηλεκτρονικό εμπόριο - η περίπτωση της Ελλάδας : διπλωματική εργασία
Αποθηκεύτηκε σε:
| Κύριος συγγραφέας: | |
|---|---|
| Συγγραφή απο Οργανισμό/Αρχή: | |
| Άλλοι συγγραφείς: | |
| Μορφή: | Thesis Βιβλίο |
| Γλώσσα: | Greek |
| Δημοσίευση: |
2001
|
| Θέματα: | |
| Ετικέτες: |
Προσθήκη ετικέτας
Δεν υπάρχουν, Καταχωρήστε ετικέτα πρώτοι!
|
MARC
| LEADER | 00000cam a2200000 i 4500 | ||
|---|---|---|---|
| 001 | 1/25391 | ||
| 008 | 020626s2001 gre d | ||
| 035 | |l 10068056 | ||
| 040 | |a GR-MY-UA |b gre |e aacr | ||
| 041 | 0 | |a gre | |
| 082 | 0 | |a 658.84 |2 (22) | |
| 100 | 1 | |a Μάστορα, Μαρία. | |
| 245 | 1 | 0 | |a Νομικά θέματα στο ηλεκτρονικό εμπόριο - η περίπτωση της Ελλάδας : |b διπλωματική εργασία / |c Μαρία Μάστορα ; επιβλέπων: Νικήτας Νικητάκος |
| 260 | |c 2001 | ||
| 300 | |a 155 σ. | ||
| 502 | # | # | |a Διατριβή (μεταπτυχιακή) – Πανεπιστήμιο Αιγαίου, Χίος, 2001. |
| 504 | |a Περιλαμβάνει βιβλιογραφία | ||
| 610 | 2 | 0 | |a Πανεπιστήμιο Αιγαίου. |
| 650 | 0 | 0 | |a Electronic commerce |x Law and legislation. |
| 650 | 0 | 0 | |a Electronic commerce |x Security measures. |
| 650 | 0 | 0 | |a Dissertations, Academic |z Greece. |
| 700 | 1 | |4 ths |a Νικητάκος, Νικήτας. | |
| 710 | 1 | |a Πανεπιστήμιο Αιγαίου |b Σχολή Επιστημών της Διοίκησης |b Τμήμα Ναυτιλίας και Επιχειρηματικών Υπηρεσιών |b Πρόγραμμα Μεταπτυχιακών Σπουδών "Ναυτιλία, Μεταφορές και Διεθνές Εμπόριο - ΝΑ.Μ.Ε.". | |
| 852 | |a INST |b CHIOS |c DIATR |e 20020626 |h 658.84 ΜΑΣ |p 005200019698 |q 005200019698 |t MTXE |y 23 | ||
| 901 | |a BIBL2-2002-2 | ||
| 909 | |a Χ |b 100009 | ||
| 924 | |a ΜΑΣΤΟΡΑ |b ΜΑΡΙΑ |y ΧΙΟΣ |z 2002-06 | ||
| 970 | |a ΣΑΛΑΜΟΥΡΑ |b ΜΑΡΙΑ |z 2002/06/26 | ||